| 000 | 00340nam a22001457a 4500 | ||
|---|---|---|---|
| 003 | SGT | ||
| 020 | _a9789352102280 | ||
| 082 |
_a920 _bS20D |
||
| 100 | _aDAS, MANOJ | ||
| 245 | _aSRI AUROBINDO: LIFE & TIMES OF THE MAHAYOGI | ||
| 260 |
_bINTERNATIONAL CENTRE OF EDUCATION _c2020 |
||
| 300 | _a716 | ||
| 650 | _aBIOGRAPHY | ||
| 942 |
_2ddc _cBK |
||
| 999 |
_c28169 _d28169 |
||